000 00566nam a2200205Ia 4500
003 GCL
008 140319s9999 xx 000 0 ara d
040 _aGCL /
_cGCL
082 0 4 _a883
_bهـ ا
100 1 _aهوميروس
245 1 0 _aالاوديسة /
_cهوميروس
700 1 _aعنبرة سلام الخالدى (ترجمة)
300 _a295 ص
490 _a
650 0 4 _aالملاحم
650 0 4 _aالشعر القصصى
650 0 4 _aالادب اليونانى المترجم
650 0 4 _aاليونان - تاريخ
942 _2ddc
_cBK
999 _c39663
_d39663